书目信息 |
| 题名: |
新日语
|
|
| 作者: | 吉田弥寿夫 主编 ;张生林 编译 | |
| 分册: | ||
| 出版信息: | 北京 北京出版社 1982 |
|
| 页数: | 473页 | |
| 开本: | 21cm | |
| 丛书名: | ||
| 单 册: | ||
| 中图分类: | H36 | |
| 科图分类: | ||
| 主题词: | 日语--教材 | |
| 电子资源: | ||
| ISBN: | ||
| 000 | 00641nam0 2200241 45 | |
| 001 | 0182004985 | |
| 005 | 20060809094319.34 | |
| 010 | @dCNY1.60 | |
| 091 | @aCN@b9071.78 | |
| 100 | @a19950227d1982 emky0chiy0121 ea | |
| 101 | 2 | @achi@cjpn |
| 102 | @aCN@b110000 | |
| 105 | @ay z 000yy | |
| 200 | 10 | @a新日语@Axin ri yu@f(日)吉田弥寿夫主编@g张生林等编译 |
| 210 | @a北京@c北京出版社@d1982 | |
| 215 | @a473页@d21cm | |
| 606 | @a日语@x教材 | |
| 690 | @aH36@v3 | |
| 701 | 0 | @a吉田弥寿夫@Aji tian mi shou fu@4主编 |
| 702 | 0 | @a张生林@Azhang sheng lin@4编译 |
| 801 | 2 | @aCN@bNLC@c20060809 |
| 801 | 0 | @aCN@bTSSF |
| 905 | @a10447@dH36@e100 | |
| 新日语/(日)吉田弥寿夫主编/张生林等编译.-北京:北京出版社,1982 |
| 473页;21cm |
| ISBN :CNY1.60 |
| ● |
| 相关链接 |
|
|
|
|
正题名:新日语
索取号:H36/100
 
预约/预借
| 序号 | 登录号 | 条形码 | 馆藏地/架位号 | 状态 | 备注 |
| 1 | 0151743 | 001056298 | 第二样本阅览室/ [索取号:H36/100] | 在馆 | |
| 2 | 0453232 | 204532327 | 密集书库/ [索取号:H36/100] | 在馆 | |
| 3 | 0453233 | 204532336 | 密集书库/ [索取号:H36/100] | 在馆 |